000 00738nam a22002297a 4500
005 20130408161050.0
008 130408b xxu||||| |||| 00| 0 eng d
010 _aENG-106817
020 _a9789381084373
_c750.00
035 _aEN-90350
037 _bDBAD/PUB
040 _aDPL
_bEng
082 _a338.9
100 _aUpadhyay, M. M.
245 _aEssays on development economics /
_cby M.M. Upadhyay
260 _aDelhi
_bSwastik Publications
_c2012
270 _a31, Gali No. 1, A-Block, Pocket-5, CRP Water Tank, Sonia Vihar
_bDelhi
_e110094
300 _aviii,245p.
_c22cm(Hb)
500 _aIncludes bibliographical references and index
650 _aDevelopment economics
942 _2ddc
_cEN
_h338.9
_mUPA
999 _c74323
_d74323